| Tag |
First Indicator |
Second Indicator |
Subfields |
| LEADER |
00000uam a2200000 a 4500 |
| 001 |
in00004237461 |
| 005 |
20260122200923.7 |
| 006 |
m o d |
| 007 |
cr cn |
| 008 |
270214s2014 xx o eng |
| 020 |
|
|
|z 9780133845136
|
| 020 |
|
|
|z 0133845028
|
| 020 |
|
|
|z 9780133845020
|
| 020 |
|
|
|z 0133845133
|
| 035 |
|
|
|a (CaSebORM)9780133845136
|
| 040 |
|
|
|d UtOrBLW
|
| 041 |
0 |
|
|a eng
|
| 100 |
1 |
|
|a Casabona, Joe,
|e author.
|0 http://id.loc.gov/authorities/names/nb2014019854
|
| 245 |
1 |
0 |
|a Web Designer's Guide to Google Glass /
|c Casabona, Joe.
|
| 250 |
|
|
|a 1st edition.
|
| 264 |
|
1 |
|b Peachpit Press,
|c 2014.
|
| 300 |
|
|
|a 1 online resource (50 pages)
|
| 336 |
|
|
|a text
|b txt
|2 rdacontent
|
| 337 |
|
|
|a computer
|b c
|2 rdamedia
|
| 338 |
|
|
|a online resource
|b cr
|2 rdacarrier
|
| 347 |
|
|
|a text file
|
| 520 |
|
|
|a This hands-on guide to optimizing web sites for Google Glass will show you how to take advantage of the latest advancements of this tiny screen, including watching videos and viewing forms. You'll also take a look at the Mirror API and building web-based native apps for Google Glass, and get insightful tips from an expert designer on avoiding web design pitfalls.
|
| 533 |
|
|
|a Electronic reproduction.
|b Boston, MA :
|c Safari,
|n Available via World Wide Web.
|d 2014.
|
| 538 |
|
|
|a Mode of access: World Wide Web.
|
| 542 |
|
|
|f Copyright © 2014 by Peachpit Press
|g 2014
|
| 588 |
|
|
|a Online resource; Title from title page (viewed February 28, 2014)
|
| 500 |
|
|
|a Electronic resource.
|
| 655 |
|
7 |
|a Electronic books.
|2 local
|
| 710 |
2 |
|
|a Safari, an O'Reilly Media Company.
|
| 856 |
4 |
0 |
|u https://proxy.library.tamu.edu/login?url=https://go.oreilly.com/TAMU/library/view/-/9780133845136/?ar
|z Connect to this electronic resource
|t 0
|
| 999 |
f |
f |
|s 6c716fe0-4ed5-3008-82f3-5b1f10aba5e3
|i 008ab129-a468-3eb5-b9f0-159b252b7d18
|t 0
|
| 952 |
f |
f |
|a Texas A&M University
|b College Station
|c Electronic Resources
|s www_evans
|d Available Online
|t 0
|h No information provided
|
| 998 |
f |
f |
|t 0
|l Available Online
|